|
|
|
|
| LEADER |
03514nam a2200529 4500 |
| 001 |
978-3-030-02807-7 |
| 003 |
DE-He213 |
| 005 |
20191024002530.0 |
| 007 |
cr nn 008mamaa |
| 008 |
181213s2019 gw | s |||| 0|eng d |
| 020 |
|
|
|a 9783030028077
|9 978-3-030-02807-7
|
| 024 |
7 |
|
|a 10.1007/978-3-030-02807-7
|2 doi
|
| 040 |
|
|
|d GrThAP
|
| 050 |
|
4 |
|a TK5103.2-.4885
|
| 072 |
|
7 |
|a TJKW
|2 bicssc
|
| 072 |
|
7 |
|a TEC061000
|2 bisacsh
|
| 072 |
|
7 |
|a TJKW
|2 thema
|
| 082 |
0 |
4 |
|a 384.5
|2 23
|
| 245 |
1 |
0 |
|a Security and Fault Tolerance in Internet of Things
|h [electronic resource] /
|c edited by Rajat Subhra Chakraborty, Jimson Mathew, Athanasios V. Vasilakos.
|
| 250 |
|
|
|a 1st ed. 2019.
|
| 264 |
|
1 |
|a Cham :
|b Springer International Publishing :
|b Imprint: Springer,
|c 2019.
|
| 300 |
|
|
|a XII, 214 p. 95 illus., 55 illus. in color.
|b online resource.
|
| 336 |
|
|
|a text
|b txt
|2 rdacontent
|
| 337 |
|
|
|a computer
|b c
|2 rdamedia
|
| 338 |
|
|
|a online resource
|b cr
|2 rdacarrier
|
| 347 |
|
|
|a text file
|b PDF
|2 rda
|
| 490 |
1 |
|
|a Internet of Things, Technology, Communications and Computing,
|x 2199-1073
|
| 505 |
0 |
|
|a Security and Trust Verification of IoT SoCs -- Low Cost Dual-Phase Watermark for Protecting CE Devices in IoT Framework -- Secure multicast communication techniques for IoT -- An Adaptable System-on-Chip Security Architecture for Internet of Things Applications -- Lightweight Fault Tolerance for Secure Aggregation of Homomorphic Data -- An approach to integrating security and fault tolerance mechanisms into the military IoT -- Fault-tolerant Implementations of Physically Unclonable Functions on FPGA -- Fault Tolerance in 3D-ICs -- Formal Verification for Security in IoT Devices -- SENSE: Sketching framework for Big Data Acceleration on Low Power Embedded Cores.
|
| 520 |
|
|
|a This book covers various aspects of security, privacy and reliability in Internet of Things (IoT) and Cyber-Physical System design, analysis and testing. In particular, various established theories and practices both from academia and industry are presented and suitably organized targeting students, engineers and researchers. Fifteen leading academicians and practitioners wrote this book, pointing to the open problems and biggest challenges on which research in the near future will be focused.
|
| 650 |
|
0 |
|a Wireless communication systems.
|
| 650 |
|
0 |
|a Mobile communication systems.
|
| 650 |
|
0 |
|a Application software.
|
| 650 |
|
0 |
|a Computer security.
|
| 650 |
1 |
4 |
|a Wireless and Mobile Communication.
|0 http://scigraph.springernature.com/things/product-market-codes/T24100
|
| 650 |
2 |
4 |
|a Information Systems Applications (incl. Internet).
|0 http://scigraph.springernature.com/things/product-market-codes/I18040
|
| 650 |
2 |
4 |
|a Systems and Data Security.
|0 http://scigraph.springernature.com/things/product-market-codes/I28060
|
| 700 |
1 |
|
|a Chakraborty, Rajat Subhra.
|e editor.
|4 edt
|4 http://id.loc.gov/vocabulary/relators/edt
|
| 700 |
1 |
|
|a Mathew, Jimson.
|e editor.
|4 edt
|4 http://id.loc.gov/vocabulary/relators/edt
|
| 700 |
1 |
|
|a Vasilakos, Athanasios V.
|e editor.
|4 edt
|4 http://id.loc.gov/vocabulary/relators/edt
|
| 710 |
2 |
|
|a SpringerLink (Online service)
|
| 773 |
0 |
|
|t Springer eBooks
|
| 776 |
0 |
8 |
|i Printed edition:
|z 9783030028060
|
| 776 |
0 |
8 |
|i Printed edition:
|z 9783030028084
|
| 830 |
|
0 |
|a Internet of Things, Technology, Communications and Computing,
|x 2199-1073
|
| 856 |
4 |
0 |
|u https://doi.org/10.1007/978-3-030-02807-7
|z Full Text via HEAL-Link
|
| 912 |
|
|
|a ZDB-2-ENG
|
| 950 |
|
|
|a Engineering (Springer-11647)
|